[Event "CRO-chT1A 25th"]
[Site "Sibenik"]
[Date "2016.10.16"]
[Round "9.1"]
[White "Susak, Zeljko"]
[Black "Jovanic, Ognjen"]
[Result "0-1"]
[WhiteElo "2206"]
[BlackElo "2473"]
[PlyCount "82"]
[EventDate "2016.10.08"]
[EventType "team-tourn"]
[EventRounds "9"]
[EventCountry "CRO"]
[SourceTitle "EXT 2017"]
[Source "ChessBase"]
[SourceDate "2016.10.25"]
[SourceVersion "1"]
[SourceVersionDate "2016.10.25"]
[SourceQuality "1"]
[WhiteTeam "Split Brda"]
[BlackTeam "Rijeka Liburnija"]
[WhiteTeamCountry "CRO"]
[BlackTeamCountry "CRO"]

1. e4 c5 2. Nc3 Nc6 3. f4 e6 4. Nf3 Nge7 5. d3 d5 6. Be2 d4 7. Nb1 Ng6 8. 0-0 Be7 9. Na3 0-0 10. Nc4 Qc7 11. Nce5 Ncxe5 12. fxe5 h6 13. b3 Bd7 14. a4 Bc6 15. Qe1 Nxe5 16. Nxe5 Qxe5 17. Bf4 Qf6 18. Bd6 Qg5 19. Bf4 Qg6 20. h4 f5 21. h5 Qf7 22. Qg3 Qf6 23. Bf3 fxe4 24. Bxe4 Bxe4 25. dxe4 Rf7 26. Bd6 Bxd6 27. Qxd6 Qe7 28. Qxe7 Rxe7 29. Kf2 c4 30. Rfd1 e5 31. c3 Rf8+ 32. Kg1 Rf4 33. cxd4 Rxe4 34. d5 cxb3 35. Rab1 Rxa4 36. Rxb3 Rd7 37. Rbd3 Rh4 38. g3 Rxh5 39. Kf2 e4 40. Rd4 Re5 41. Ke3 g5 0-1

[Event "CRO-chT1A 25th"]
[Site "Sibenik"]
[Date "2016.10.11"]
[Round "4.3"]
[White "Susak, Zeljko"]
[Black "Doric, Nenad"]
[Result "1/2-1/2"]
[WhiteElo "2206"]
[BlackElo "2246"]
[PlyCount "39"]
[EventDate "2016.10.08"]
[EventType "team-tourn"]
[EventRounds "9"]
[EventCountry "CRO"]
[SourceTitle "EXT 2017"]
[Source "ChessBase"]
[SourceDate "2016.10.25"]
[SourceVersion "1"]
[SourceVersionDate "2016.10.25"]
[SourceQuality "1"]
[WhiteTeam "Split Brda"]
[BlackTeam "Kastel Novi"]
[WhiteTeamCountry "CRO"]
[BlackTeamCountry "CRO"]

1. e4 e5 2. Bc4 Nf6 3. Nc3 Nc6 4. d3 Na5 5. Nge2 c6 6. 0-0 Be7 7. a4 Nxc4 8. dxc4 a5 9. Qd3 0-0 10. h3 d6 11. b3 Nd7 12. Ba3 Nc5 13. Bxc5 dxc5 14. Qe3 Qc7 15. Rad1 Be6 16. Rd3 Rad8 17. Rfd1 Rxd3 18. Rxd3 Rd8 19. Rxd8+ Qxd8 20. Qd3 1/2-1/2

[Event "CRO-chT1A 24th"]
[Site "Bol"]
[Date "2015.10.11"]
[Round "9.15"]
[White "Kuljasevic, Davorin"]
[Black "Susak, Zeljko"]
[Result "1-0"]
[WhiteElo "2546"]
[BlackElo "2196"]
[PlyCount "59"]
[EventDate "2015.10.03"]
[EventType "team-tourn"]
[EventRounds "9"]
[EventCountry "CRO"]
[SourceTitle "CBM 168 Extra"]
[Source "ChessBase"]
[SourceDate "2015.10.29"]
[SourceVersion "1"]
[SourceVersionDate "2015.10.29"]
[SourceQuality "1"]
[WhiteTeam "Rijeka Liburnija"]
[BlackTeam "Split Brda"]
[WhiteTeamCountry "CRO"]
[BlackTeamCountry "CRO"]

1. d4 Nf6 2. c4 e6 3. Nc3 Bb4 4. Qc2 0-0 5. Nf3 d6 6. g3 b6 7. Bg2 Bb7 8. 0-0 Bxc3 9. Qxc3 a5 10. b3 Nbd7 11. Bb2 Qe7 12. Rad1 Rfe8 13. Rfe1 Ne4 14. Qc2 f5 15. d5 e5 16. Nh4 g6 17. Bxe4 fxe4 18. Qxe4 Nf6 19. Qd3 Rf8 20. e4 Nh5 21. Ng2 Bc8 22. f4 Bg4 23. Rd2 Rae8 24. fxe5 dxe5 25. d6 cxd6 26. Qxd6 Qg5 27. h4 Qh6 28. Qd5+ Be6 29. Qxe5 Qxd2 30. Qh8+ 1-0

[Event "CRO-chT1A 24th"]
[Site "Bol"]
[Date "2015.10.07"]
[Round "5.16"]
[White "Susak, Zeljko"]
[Black "Brumen, Dinko"]
[Result "1/2-1/2"]
[WhiteElo "2196"]
[BlackElo "2356"]
[PlyCount "56"]
[EventDate "2015.10.03"]
[EventType "team-tourn"]
[EventRounds "9"]
[EventCountry "CRO"]
[SourceTitle "CBM 168 Extra"]
[Source "ChessBase"]
[SourceDate "2015.10.29"]
[SourceVersion "1"]
[SourceVersionDate "2015.10.29"]
[SourceQuality "1"]
[WhiteTeam "Split Brda"]
[BlackTeam "Zagreb Mladost"]
[WhiteTeamCountry "CRO"]
[BlackTeamCountry "CRO"]

1. e4 e6 2. d4 d5 3. Bd3 dxe4 4. Bxe4 Nf6 5. Bf3 Nbd7 6. Ne2 Bd6 7. Nbc3 e5 8. Bg5 h6 9. Bxf6 Qxf6 10. Ne4 Qg6 11. N2g3 0-0 12. Bh5 Qh7 13. Nxd6 cxd6 14. dxe5 dxe5 15. 0-0 Nf6 16. Be2 Be6 17. c3 Qg6 18. Qa4 Bd7 19. Bb5 Bg4 20. Be2 Bd7 21. Bb5 Be6 22. Rad1 Nd5 23. Rfe1 Nb6 24. Qa3 Qc2 25. Rc1 Qd2 26. Rcd1 Qc2 27. Rc1 Qd2 28. Rcd1 Qc2 1/2-1/2

[Event "CRO-chT1A 21st"]
[Site "Sibenik"]
[Date "2012.10.01"]
[Round "9.55"]
[White "Susak, Zeljko"]
[Black "Bukal, Vladimir Jr"]
[Result "0-1"]
[WhiteElo "2214"]
[BlackElo "2416"]
[PlyCount "98"]
[EventDate "2012.09.23"]
[EventType "team-tourn"]
[EventRounds "9"]
[EventCountry "CRO"]
[SourceTitle "CBM 150 Extra"]
[Source "ChessBase"]
[SourceDate "2012.10.19"]
[SourceVersion "1"]
[SourceVersionDate "2012.10.19"]
[SourceQuality "1"]
[WhiteTeam "Split Brda"]
[BlackTeam "Djakovo"]
[WhiteTeamCountry "CRO"]
[BlackTeamCountry "CRO"]

1. e4 e6 2. d4 d5 3. e5 c5 4. c3 Nc6 5. Nf3 Nh6 6. Bxh6 gxh6 7. dxc5 Bxc5 8. b4 Bf8 9. b5 Ne7 10. Bd3 Bg7 11. 0-0 Ng6 12. Re1 Qc7 13. Qd2 0-0 14. a4 f6 15. Bxg6 hxg6 16. Qe3 Bd7 17. Nbd2 fxe5 18. Nxe5 Qxe5 19. Qxe5 Bxe5 20. Rxe5 a6 21. b6 Rac8 22. Nb3 Rxc3 23. Na5 Rc2 24. f3 Rfc8 25. Rb1 d4 26. Rd1 Rb2 27. Nxb7 Bxa4 28. Nd6 Rc6 29. Ra1 Rxd6 30. Rxa4 Rb1+ 31. Kf2 d3 32. Re1 Rbxb6 33. Ke3 Rb2 34. g4 Rxh2 35. Ra3 d2 36. Rd1 Kf7 37. Rb3 Kf6 38. Rb7 h5 39. Rh7 a5 40. gxh5 gxh5 41. Ra7 Rd5 42. Ra8 h4 43. Rf8+ Ke7 44. Rh8 h3 45. Rh4 Kd6 46. Rh8 a4 47. Ra8 Rg2 48. Rxa4 h2 49. Rh4 Rg1 0-1

[Event "CRO-chT1A 21st"]
[Site "Sibenik"]
[Date "2012.09.28"]
[Round "6.25"]
[White "Susak, Zeljko"]
[Black "Armanda, Ivica"]
[Result "1/2-1/2"]
[WhiteElo "2214"]
[BlackElo "2387"]
[PlyCount "75"]
[EventDate "2012.09.23"]
[EventType "team-tourn"]
[EventRounds "9"]
[EventCountry "CRO"]
[SourceTitle "CBM 150 Extra"]
[Source "ChessBase"]
[SourceDate "2012.10.19"]
[SourceVersion "1"]
[SourceVersionDate "2012.10.19"]
[SourceQuality "1"]
[WhiteTeam "Split Brda"]
[BlackTeam "Mravince"]
[WhiteTeamCountry "CRO"]
[BlackTeamCountry "CRO"]

1. e4 c5 2. c3 Nf6 3. e5 Nd5 4. d4 cxd4 5. Nf3 Nc6 6. cxd4 d6 7. Bc4 Nb6 8. Bb5 dxe5 9. Nxe5 Bd7 10. Bxc6 Bxc6 11. Nxc6 bxc6 12. 0-0 g6 13. Re1 Bg7 14. Bg5 0-0 15. Bxe7 Qxd4 16. Nc3 Qxd1 17. Raxd1 Rfe8 18. Bc5 Rxe1+ 19. Rxe1 Nc4 20. b3 Nb2 21. Re3 Rd8 22. g3 Nd3 23. Na4 Nxc5 24. Nxc5 Bd4 25. Rd3 Rd5 26. b4 a5 27. a3 Kf8 28. Kf1 axb4 29. axb4 Ke7 30. Nb3 Bb6 31. Rxd5 cxd5 32. Ke2 Kd6 33. f3 Kc6 34. Kd3 Kb5 35. Kc3 Bg1 36. Nd4+ Ka4 37. h3 Bf2 38. Ne2 1/2-1/2

[Event "CRO-chT1A 21st"]
[Site "Sibenik"]
[Date "2012.09.25"]
[Round "3.36"]
[White "Susak, Zeljko"]
[Black "Loncar, Robert"]
[Result "1/2-1/2"]
[WhiteElo "2214"]
[BlackElo "2389"]
[PlyCount "25"]
[EventDate "2012.09.23"]
[EventType "team-tourn"]
[EventRounds "9"]
[EventCountry "CRO"]
[SourceTitle "CBM 150 Extra"]
[Source "ChessBase"]
[SourceDate "2012.10.19"]
[SourceVersion "1"]
[SourceVersionDate "2012.10.19"]
[SourceQuality "1"]
[WhiteTeam "Split Brda"]
[BlackTeam "Zagreb"]
[WhiteTeamCountry "CRO"]
[BlackTeamCountry "CRO"]

1. e4 c5 2. c3 Nf6 3. e5 Nd5 4. d4 cxd4 5. Nf3 e6 6. cxd4 Be7 7. Bc4 d6 8. 0-0 0-0 9. Re1 Nc6 10. a3 dxe5 11. dxe5 Nb6 12. Bd3 Qc7 13. Nc3 1/2-1/2

[Event "Split op 2nd"]
[Site "Split"]
[Date "2012.08.14"]
[Round "4"]
[White "Susak, Zeljko"]
[Black "Srbis, Jurica"]
[Result "0-1"]
[WhiteElo "2203"]
[BlackElo "2298"]
[PlyCount "110"]
[EventDate "2012.08.11"]
[EventType "swiss"]
[EventRounds "9"]
[EventCountry "CRO"]
[SourceTitle "CBM 149 Extra"]
[Source "ChessBase"]
[SourceDate "2012.08.24"]
[SourceVersion "1"]
[SourceVersionDate "2012.08.24"]
[SourceQuality "1"]

1. e4 e5 2. Nf3 Nc6 3. Bc4 Nf6 4. d3 Be7 5. 0-0 0-0 6. Re1 d6 7. a4 h6 8. c3 Nh7 9. a5 a6 10. Be3 Kh8 11. Qb3 f5 12. exf5 Rxf5 13. Nbd2 Nf6 14. Be6 Bxe6 15. Qxe6 Qd7 16. Qxd7 Nxd7 17. d4 d5 18. dxe5 Ndxe5 19. Nxe5 Nxe5 20. Bf4 Bd6 21. Bxe5 Rxe5 22. Nf3 Rxe1+ 23. Rxe1 Rf8 24. Nd4 Kg8 25. g3 c5 26. Nc2 Bc7 27. Re7 Rf7 28. Re8+ Kh7 29. b4 d4 30. cxd4 cxb4 31. Nxb4 Bxa5 32. Nc2 Rd7 33. Re6 Bc3 34. Rb6 a5 35. Rb3 Rc7 36. d5 a4 37. Rb5 Bf6 38. Ne3 a3 39. Ra5 Be7 40. Nf5 Bb4 41. Ra7 Rc5 42. Nxg7 Ra5 43. Rxb7 a2 44. Ne6+ Kg8 45. Rb8+ Kf7 46. Nd8+ Kf6 47. Rb6+ Kf5 48. Rxb4 a1Q+ 49. Kg2 Rxd5 50. Rf4+ Kg6 51. Ne6 Re5 52. Nf8+ Kg7 53. Nd7 Qa8+ 54. f3 Qa2+ 55. Kh3 Rh5+ 0-1

[Event "CRO-chT1B 20th"]
[Site "Sibenik"]
[Date "2011.10.05"]
[Round "2.1"]
[White "Vrhovnik, Damir"]
[Black "Susak, Zeljko"]
[Result "1-0"]
[WhiteElo "2074"]
[BlackElo "2191"]
[PlyCount "101"]
[EventDate "2011.10.04"]
[EventType "team-tourn"]
[EventRounds "9"]
[EventCountry "CRO"]
[SourceTitle "CBM 144 Extra"]
[Source "ChessBase"]
[SourceDate "2011.10.28"]
[SourceVersion "1"]
[SourceVersionDate "2011.10.28"]
[SourceQuality "1"]
[WhiteTeam "Rijeka II"]
[BlackTeam "Split Brda"]
[WhiteTeamCountry "CRO"]
[BlackTeamCountry "CRO"]

1. Nf3 Nf6 2. c4 b6 3. g3 Bb7 4. Bg2 e6 5. Nc3 Be7 6. 0-0 0-0 7. d4 Ne4 8. Qd3 Nxc3 9. Qxc3 f5 10. a3 Bf6 11. b4 c5 12. e3 Nc6 13. Bb2 d6 14. Rfd1 Qe7 15. Qb3 Rad8 16. d5 Ne5 17. Nxe5 dxe5 18. e4 Rd7 19. Rd3 Rfd8 20. Rad1 h6 21. bxc5 bxc5 22. Bc3 exd5 23. cxd5 Ba6 24. R3d2 Qd6 25. exf5 Rb8 26. Qa4 Re7 27. h4 Bc8 28. Be4 Bd7 29. Qc2 Be8 30. Rb1 Reb7 31. Rdd1 Bb5 32. a4 Bd7 33. Qa2 Rxb1 34. Rxb1 Rxb1+ 35. Bxb1 Kh7 36. Qc4 a6 37. Be4 Kh8 38. Kg2 Qb6 39. Bd3 Bc8 40. g4 Qd6 41. Qe4 Bb7 42. Bc4 Qe7 43. Kh3 Qd8 44. g5 hxg5 45. hxg5 Bxg5 46. Bxe5 Bf6 47. f4 Qe8 48. Kg4 Qxa4 49. Qd3 Bc8 50. d6 Bxf5+ 51. Kxf5 1-0

[Event "CRO-chT1B 19th"]
[Site "Sibenik"]
[Date "2010.09.12"]
[Round "9"]
[White "Susak, Zeljko"]
[Black "Medak, Bojan"]
[Result "0-1"]
[WhiteElo "2214"]
[BlackElo "2346"]
[PlyCount "132"]
[EventDate "2010.09.04"]
[EventType "team-tourn"]
[EventRounds "9"]
[EventCountry "CRO"]
[SourceTitle "CBM 138 Extra"]
[Source "ChessBase"]
[SourceDate "2010.10.29"]
[SourceVersion "1"]
[SourceVersionDate "2010.10.29"]
[SourceQuality "1"]

1. e4 d6 2. d4 Nf6 3. Nc3 g6 4. Bg5 Bg7 5. Qd2 h6 6. Bh4 Nbd7 7. f3 c5 8. Nge2 cxd4 9. Nxd4 a6 10. Be2 Qb6 11. Nb3 Qc7 12. Bf2 Ne5 13. 0-0 0-0 14. a4 Be6 15. a5 Rac8 16. Rfc1 Bc4 17. Na4 d5 18. Nb6 Rcd8 19. exd5 Nxd5 20. Bxc4 Nxc4 21. Nxd5 Qe5 22. Nxe7+ Qxe7 23. Qf4 Qe2 24. Rab1 g5 25. Qc7 Nxb2 26. Qxb7 Rd1+ 27. Rxd1 Nxd1 28. Qb6 Re8 29. h3 Qxc2 30. Rc1 Qd3 31. Nc5 Qd2 32. Nb3 Re1+ 33. Kh2 Be5+ 34. g3 Qe2 35. Qd8+ Kg7 36. Qd2 Qxd2 37. Nxd2 Re2 38. Rxd1 Rxf2+ 39. Kg1 Bd4 40. Kh1 Be5 41. g4 Bf4 42. Ne4 Rxf3 43. Kg2 Ra3 44. Rd5 Kf8 45. Nc5 Rg3+ 46. Kf2 Rxh3 47. Nxa6 Ra3 48. Nb4 Bc7 49. Nc6 Ra4 50. Ke2 Rxg4 51. a6 Ra4 52. Rd7 Bb6 53. a7 Kg7 54. Rb7 Bc5 55. Rc7 Kf6 56. Nd8 Bxa7 57. Rxf7+ Kg6 58. Rc7 Re4+ 59. Kf3 Re3+ 60. Kg2 Bd4 61. Rc6+ Bf6 62. Ne6 Kf5 63. Nc7 Re5 64. Rd6 g4 65. Kg3 h5 66. Rd3 Re2 0-1

[Event "CRO-chT1B 19th"]
[Site "Sibenik"]
[Date "2010.09.06"]
[Round "3"]
[White "Susak, Zeljko"]
[Black "Zelic, Mladen"]
[Result "1/2-1/2"]
[WhiteElo "2214"]
[BlackElo "2291"]
[PlyCount "81"]
[EventDate "2010.09.04"]
[EventType "team-tourn"]
[EventRounds "9"]
[EventCountry "CRO"]
[SourceTitle "CBM 138 Extra"]
[Source "ChessBase"]
[SourceDate "2010.10.29"]
[SourceVersion "1"]
[SourceVersionDate "2010.10.29"]
[SourceQuality "1"]

1. e4 e5 2. Bc4 Nf6 3. d3 Nc6 4. Nf3 Be7 5. 0-0 0-0 6. Re1 d6 7. a4 Nd4 8. Nxd4 exd4 9. c3 dxc3 10. Nxc3 Be6 11. Qb3 Bxc4 12. dxc4 b6 13. a5 Nd7 14. axb6 axb6 15. Rxa8 Qxa8 16. Nd5 Bd8 17. Qg3 Re8 18. Bh6 g6 19. Qc3 f6 20. f3 c6 21. Ne3 Ne5 22. Bf4 Qa6 23. Rd1 Be7 24. Qb3 Kg7 25. h4 Ra8 26. h5 Qa4 27. Qc3 Kf7 28. b3 Qa5 29. Qc2 Qa2 30. hxg6+ hxg6 31. Rd2 Qxc2 32. Nxc2 Ra2 33. Nd4 Ra1+ 34. Kf2 Rb1 35. Bxe5 dxe5 36. Nxc6 Bc5+ 37. Ke2 Rxb3 38. Rd3 Rb2+ 39. Rd2 Rb3 40. Rd3 Rb1 41. Rd1 1/2-1/2